| 000 | 00599nam a22001937a 4500 | ||
|---|---|---|---|
| 003 | 0 | ||
| 005 | 20250916123627.0 | ||
| 008 | 250916b xxu||||| |||| 00| 0 eng d | ||
| 020 | _a978-1-77956-302-6 | ||
| 050 |
_aQA 76.9.D343 _b.L35 2025 |
||
| 100 |
_aLal, Bechoo, _eauthor. |
||
| 245 |
_aIntroduction to data mining / _cBechoo Lal. |
||
| 260 |
_aCanada : _bToronto Academic Press, _c2025. |
||
| 300 |
_axix, 376 pages : _bcolored illustrations ; _c26 cm. |
||
| 504 | _aIncludes bibliographical references and index. | ||
| 650 | _aData mining. | ||
| 650 |
_aBig data _xAnalysis. |
||
| 942 |
_2lcc _cBK |
||
| 999 |
_c367988 _d367988 |
||